00761nam a22002057a 450000500170000001000150001702000260003203500130005803700130007108200130008410000280009724500860012526000390021127000610025030000310031165000310034294200270037399900170040095201380041720100814145439.0 aENG-100264 a9788190858496c210.00 aEN-83796 bDBAD/PUB a530.2462 aPalanisamy, K.L.913458 aEngineering physics - I :bas per anna university syllabus /cby K. L. Palanisamy aCoimbatorebR. K. Publishersc2009 a26, Rajeswari Nagar, Nava India RoadbCoimbatoree641028 avarious pagingc25cm (pbk) aEngineering Physics913459 2ddccENh530.2462mPAL c41937d41937 001040718NFICaDBADbDBADd2010-08-14eDBAD/PUBg210.00l0o530.2462 PALpEN-83796r2010-08-14 00:00:00t1v210.00w2010-08-14yEN